Ethan quiz - Statistics

General Stats
  • This quiz has been taken 7 times
  • The average score is 21 of 43
Answer Stats
Hint Answer % Correct
Big Three Religions Christianity
86%
Who wrote The Odyssey? Homer
86%
Big Three Religions Islam
86%
Turned People to Stone Medusa
86%
Female Humanlike Beings with Alluring Voices Siren
86%
C6H12O6 Glucose
71%
Biggest City in Vietnam Ho Chi Minh City
71%
Big Three Religions Judaism
71%
Largest Lake in Africa Lake Victoria
71%
Only Flag That Has A Gun Mozambique
71%
3 Denominations of Christianity Orthodox
71%
3 Denominations of Judaism Orthodox
71%
Capital of Norway Oslo
71%
3 Denominations of Christianity Protestant
71%
3 Denominations of Islam Shia
71%
3 Denominations of Islam Sunni
71%
What element is Am? Americium
57%
A word that joins parts of a sentence together Conjunction
57%
Youngest of the 12 Titans (His son is Zeus) Cronus
57%
Greek Equivalent of Mercury Hermes
57%
6.022*10^23 Mole
57%
Greek Letters 17-23 Rho
57%
Greek Letters 17-23 Sigma
57%
Two-player board game in which players each guess the identity of the other's chosen character. The game was developed by Israeli game inventors Ora and Theo Coster. Guess Who
43%
Flag That's Light Blue And Has 4 White Stars In The Middle Micronesia
43%
What is The World's Largest Volksfest? Oktoberfest
43%
Greek Letters 17-23 Phi
43%
Roman Equivalent of Hades Pluto
43%
3 Denominations of Christianity Roman Catholic
43%
Greek Letters 17-23 Upsilon
43%
3 Denominations of Judaism Conservative
29%
Third Largest Lake in Africa Lake Malawi
29%
3 Denominations of Judaism Reform
29%
Greek Letters 17-23 Tau
29%
Luffy's First Ever Victory Alvida
14%
Greek Letters 17-23 Chi
14%
θ = 1+√5 / 2 Golden Ratio
14%
Who Said "When you stand for nothing, you fall for everything." Hamilton
14%
Longest Piece of Literature Loud House
14%
Greek Letters 17-23 Psi
14%
Who Is The Best DPS in Overwatch 2? (According to Google) Sojourn
14%
Tallest Statue in the World Statue of Unity
14%
3 Denominations of Islam Muslim
0%
No matching quizzes found
Score Distribution
Percent of People with Each Score
Percentile by Number Answered
Your Score History
You have not taken this quiz